Squadre - Europei 2004 - Statistics

Statistiche generali
  • Questo quiz è stato fatto 19 volte
  • Il punteggio medio è 15 su 16
Statistiche sulle risposte
Squadra % Corretto
Danimarca
100%
Francia
100%
Grecia
100%
Inghilterra
100%
Italia
100%
Portogallo
100%
Svezia
100%
Germania
94%
Paesi Bassi
94%
Repubblica Ceca
94%
Spagna
94%
Svizzera
94%
Bulgaria
88%
Croazia
88%
Russia
88%
Lettonia
53%
Nessun quiz corrispondente trovato
Distribuzione punteggi
Percentuale di utenti per punteggio
Percentile per numero di risposta
I tuoi punteggi nel tempo
Non hai fatto questo quiz